000
00321nam a2200133Ia 4500
005
20251222155138.0
008
251222s9999||||xx |||||||||||||| ||spa||
082
_a
MAN.07.1
100
_a
O.P.S.
245
0
_a
Manual de Psiquiatria Trabajadores Atnc. Primaria
250
_a
1ra. ed.
264
_b
OPS/OMS
942
_c
LIB
999
_c
39082
_d
39082